[Event "TUN-ch"]
[Site "Hammamet"]
[Date "2022.05.15"]
[Round "11"]
[White "Ben Ghanem, Hamed"]
[Black "Farhani, Aziz"]
[Result "1-0"]
[WhiteElo "2144"]
[BlackElo "1888"]
[PlyCount "36"]
[EventDate "2022.05.07"]
[EventType "tourn"]
[EventRounds "11"]
[EventCountry "TUN"]
[SourceTitle "CBM 208 Extra"]
[Source "ChessBase"]
[SourceDate "2022.07.31"]
[SourceVersion "1"]
[SourceVersionDate "2022.07.31"]
[SourceQuality "1"]

1. d4 d5 2. Bf4 c5 3. e3 cxd4 4. exd4 Nc6 5. c3 f6 6. Bd3 e5 7. dxe5 fxe5 8. Qh5+ g6 9. Bxg6+ hxg6 10. Qxh8 exf4 11. Qxg8 Bf5 12. Qh7 Qb6 13. Nf3 0-0-0 14. 0-0 Qxb2 15. Nbd2 Qxc3 16. Rac1 Qf6 17. Qh4 Qd6 18. Nd4 Bd3 1-0